Reklama a úloha osobností v reklamě

Vzťah reklamy k spotrebiteľovi. Interné a externé vplyvy reklamy. Pojmové vymedzenie referenčných skupín. Využitie referenčných skupín pre reklamu. Osobnosti a celebrity v reklame. Klady a zápory reklamnej stratégie. Dieťa ako spotrebiteľ.

Salvato in:
Dettagli Bibliografici
Autore principale: Vyskočilová, Renata
Natura: Capitolo di libro
Lingua:ceco
Soggetti:
Tags: Aggiungi Tag
Nessun Tag, puoi essere il primo ad aggiungerne!!

MARC

LEADER 00000naa a2200000 4500
001 r043502
005 20231003115101.7
041 0 |a cze 
044 |a CZ 
245 1 0 |a Reklama a úloha osobností v reklamě  |c Renata Vyskočilová 
520 |a Vzťah reklamy k spotrebiteľovi. Interné a externé vplyvy reklamy. Pojmové vymedzenie referenčných skupín. Využitie referenčných skupín pre reklamu. Osobnosti a celebrity v reklame. Klady a zápory reklamnej stratégie. Dieťa ako spotrebiteľ. 
610 2 0 |a reklama 
610 2 0 |a propagácia 
610 2 0 |a osobnosť 
610 2 0 |a zákazníci 
610 2 0 |a spotrebitelia 
610 2 0 |a kultúra 
610 2 0 |a etika 
610 2 0 |a psychológia 
100 1 |a Vyskočilová, Renata